000 00886cam a22002893a 4500
001 19269
003 PGUSA
005 20140828083416.0
008 060916s2006||||xxu|||||s|||||000 | eng d
040 _aPGUSA
_beng
042 _adc
050 4 _aBP
100 1 _aUniversal House of Justice
245 1 2 _aA Compilaton on Women
_h[electronic resource] /
_cUniversal House of Justice
260 _bProject Gutenberg,
_c2006
506 _aCopyrighted. Read the copyright notice inside this book for details.
516 _aElectronic text
653 _aBahai Faith
653 _aWomen in the Bahai Faith
653 _aWomen -- Religious aspects
700 1 _aShoghi, Effendi,
_d1897-1957
700 1 _aBahá'u'lláh,
_d1817-1892
700 1 _a`Abdu'l-Bahá,
_d1844-1921
830 0 _aProject Gutenberg
_v19269
856 4 0 _uhttp://www.gutenberg.org/ebooks/19269
942 _cEB
999 _c248524
_d248524